Bucks Player to Nickname - Statistics

General Stats
  • This quiz has been taken 37 times
  • The average score is 6 of 12
Answer Stats
Hint Answer % Correct
Giannis Antetokounmpo The Greek Freak
100%
Damian Lillard Dame Time
88%
Kyle Kuzma Kuz
76%
Andre Jackson Jr. Ajax
60%
Brook Lopez Splash Mountain
60%
Bobby Portis Crazy Eyes
56%
AJ Green Dairy Bird
40%
Ryan Rollins Moneyball Ry
36%
Taurean Prince Chamillionaire
32%
Jericho Sims J-Rod
32%
Kevin Porter Jr. Sukuta
32%
Gary Trent Jr. Shaq of the MAC
20%
No matching quizzes found
Score Distribution
Percent of People with Each Score
Percentile by Number Answered
Your Score History
You have not taken this quiz